| 000 | 01236nam2a2200265 4500 | ||
|---|---|---|---|
| 001 | RU\NLR\BIBL_A\022748143 | ||
| 005 | 20260406105007.0 | ||
| 010 | _a978-5-89588-712-7 | ||
| 021 |
_aRU _bКН-П-26-001205 _9КН-П-26-0116 |
||
| 035 | _a(NLR Aleph) 022748143 | ||
| 090 |
_a13633305 _c13633305 |
||
| 100 | _a20260310d2025 u y0rusy50 ca | ||
| 101 | 0 | _arus | |
| 102 | _aRU | ||
| 105 | _ay j 000yy | ||
| 200 | 0 | _aЧ. 2 | |
| 210 | _d2025 | ||
| 215 | _a95 с. | ||
| 313 | _aЧасть 2: семейное, трудовое и уголовное право. | ||
| 320 | _aБиблиогр.: с. 92–94 | ||
| 461 | 0 |
_1001RU\NLR\BIBL_A\022742533 _12001#$aПравоведение$vЧ. 2 _913636153 _cСанкт-Петербург _d2025 _fЕ. И. Маценко, Ю. А. Борисова, Т. Д. Засорина, М. К. Клисов _nИзд-во ФГБОУ ВО СЗГМУ им. И. И. Мечникова Минздрава России _oучебное пособие : для обучающихся по специальности 32.05.01 "Медико-профилактическое дело" : в 2 ч. _tПравоведение _vЧ. 2 |
|
| 942 | _cBOOK | ||
| 980 | _aNB | ||